书目信息 |
| 题名: |
聚合物科学教程
|
|
| 作者: | 毕尔梅耶 著 ;中国科学院化学研究所七室 译 | |
| 分册: | ||
| 出版信息: | 北京 科学出版社 1980 |
|
| 页数: | 285页 | |
| 开本: | 19cm | |
| 丛书名: | ||
| 单 册: | ||
| 中图分类: | O63 | |
| 科图分类: | ||
| 主题词: | 高分子化学--教材 | |
| 电子资源: | ||
| ISBN: | ||
| 000 | 00761nam0 2200241 45 | |
| 001 | 0180005050 | |
| 005 | 20060815112108.81 | |
| 010 | @dCNY1.45 | |
| 091 | @a13031.1360 | |
| 100 | @a19950404d1980 em y0chiy0121 ea | |
| 101 | 1 | @achi@ceng |
| 102 | @aCN@b110000 | |
| 105 | @ay z 000yy | |
| 200 | 10 | @a聚合物科学教程@Aju he wu ke xue jiao cheng@f(美)F·W·毕尔梅耶著@F(mei)F·W·bi er mei ye zhu@g中国科学院化学研究所七室译 |
| 210 | @a北京@c科学出版社@d1980 | |
| 215 | @a285页@d19cm | |
| 606 | @a高分子化学@x教材 | |
| 690 | @aO63@v3 | |
| 701 | 0 | @a毕尔梅耶@Abi er mei ye@4著 |
| 712 | 02 | @a中国科学院化学研究所七室@Azhong guo ke xue yuan hua xue yan jiu suo qishi@4译 |
| 801 | 2 | @aCN@bNLC@c20060815 |
| 801 | 0 | @aCN@b上海图书馆@c20060718 |
| 905 | @dO63@e2 | |
| 聚合物科学教程/(美)F·W·毕尔梅耶著/中国科学院化学研究所七室译.-北京:科学出版社,1980 |
| 285页;19cm |
| ISBN :CNY1.45 |
| ● |
| 相关链接 |
|
|
|
|
正题名:聚合物科学教程
索取号:O63/2
 
预约/预借
| 序号 | 登录号 | 条形码 | 馆藏地/架位号 | 状态 | 备注 |
| 1 | 0036491 | 202214139 | 密集书库/ [索取号:O63/2] | 在馆 | |
| 2 | 0036492 | 001935044 | 第三借阅区/ [索取号:O63/2] | 在馆 | |
| 3 | 0036493 | 000351247 | 密集书库/ [索取号:O63/2] | 在馆 | |
| 4 | 0036494 | 202214095 | 密集书库/ [索取号:O63/2] | 在馆 | |
| 5 | 0036495 | 000351238 | 密集书库/ [索取号:O63/2] | 在馆 | |
| 6 | 0432533 | 204325337 | 密集书库/ [索取号:O63/2] | 在馆 | |
| 7 | 0461548 | 204615489 | 密集书库/ [索取号:O63/2] | 在馆 |